[Event "Bahn-chS 60"]
[Site "Bad Wildungen"]
[Date "2000.09.29"]
[Round "6"]
[White "Gruetzmacher, Herbert"]
[Black "Boettcher, Ulrich"]
[Result "1-0"]
[WhiteElo "1503"]
[BlackElo "1241"]
[PlyCount "67"]
[EventDate "2000.09.24"]
[EventType "swiss"]
[EventRounds "7"]
[EventCountry "GER"]
[SourceTitle "EXT 2003"]
[Source "ChessBase"]
[SourceDate "2002.11.25"]
[SourceVersion "1"]
[SourceVersionDate "2002.11.25"]
[SourceQuality "1"]

1. c4 g6 2. Nc3 e5 3. g3 Bg7 4. Bg2 Ne7 5. e3 0-0 6. Nge2 d6 7. 0-0 Nd7 8. d4 Rb8 9. f4 exd4 10. exd4 b6 11. Be3 Nf5 12. Bf2 Bb7 13. d5 Rc8 14. g4 Ne7 15. Rb1 c6 16. dxc6 Bxc6 17. Nd5 Nxd5 18. Bxd5 Nf6 19. Ng3 Re8 20. Bxc6 Rxc6 21. b3 d5 22. Qf3 Rc7 23. cxd5 Nxd5 24. Rbd1 Rd7 25. f5 Qc7 26. Rxd5 Rxd5 27. Qxd5 Rd8 28. Qf3 Qc2 29. fxg6 hxg6 30. Be1 Qxa2 31. Qxf7+ Kh7 32. Bc3 Rg8 33. Qe7 Kh6 34. Qh4# 1-0

[Event "Bahn-chS 60"]
[Site "Bad Wildungen"]
[Date "2000.09.26"]
[Round "3"]
[White "Schmidt, Erwin"]
[Black "Gruetzmacher, Herbert"]
[Result "1/2-1/2"]
[WhiteElo "1389"]
[BlackElo "1503"]
[PlyCount "50"]
[EventDate "2000.09.24"]
[EventType "swiss"]
[EventRounds "7"]
[EventCountry "GER"]
[SourceTitle "EXT 2003"]
[Source "ChessBase"]
[SourceDate "2002.11.25"]
[SourceVersion "1"]
[SourceVersionDate "2002.11.25"]
[SourceQuality "1"]

1. d4 d5 2. Nc3 c6 3. Nf3 Nf6 4. Bg5 h6 5. Bxf6 exf6 6. a3 Bf5 7. e3 Bd6 8. Bd3 Be6 9. 0-0 Nd7 10. e4 Nb6 11. Re1 Qd7 12. exd5 Nxd5 13. Nxd5 cxd5 14. Qe2 0-0 15. Rac1 Rfe8 16. Qd2 a6 17. c4 dxc4 18. Bxc4 Bxc4 19. Rxc4 Rad8 20. Rxe8+ Rxe8 21. Rc3 Qg4 22. Qc2 Qf4 23. Kf1 Qg4 24. h3 Qd7 25. Re3 Rd8 1/2-1/2

[Event "Gemuend op Seniors1"]
[Site "Gemuend"]
[Date "1999.10.27"]
[Round "5"]
[White "Gruetzmacher, Herbert"]
[Black "Gafke, Manfred"]
[Result "0-1"]
[WhiteElo "1511"]
[BlackElo "1701"]
[PlyCount "90"]
[EventDate "1999.10.24"]
[EventType "swiss"]
[EventRounds "7"]
[EventCountry "GER"]
[SourceTitle "EXT 2003"]
[Source "ChessBase"]
[SourceDate "2002.11.25"]
[SourceVersion "1"]
[SourceVersionDate "2002.11.25"]
[SourceQuality "1"]

1. c4 Nf6 2. Nc3 d5 3. cxd5 Nxd5 4. Qc2 e6 5. Nxd5 exd5 6. e3 Nd7 7. d4 Nf6 8. f3 Be7 9. Bd2 0-0 10. Bd3 c6 11. Ne2 Qc7 12. Nf4 Bd6 13. 0-0-0 a5 14. g4 g6 15. g5 Ne8 16. h4 Ng7 17. h5 Bxf4 18. exf4 Nf5 19. hxg6 fxg6 20. Qc3 Qg7 21. Bxf5 Bxf5 22. Rh6 Qc7 23. Re1 Rfe8 24. Re5 b6 25. Qe3 Qd7 26. Rh1 Rxe5 27. fxe5 Rc8 28. Re1 c5 29. dxc5 Rxc5+ 30. Bc3 Qa4 31. Qe2 d4 32. Qd2 Rc8 33. e6 dxc3 34. bxc3 Qa3+ 35. Kd1 Qe7 36. Qe3 Rd8+ 37. Ke2 Rd6 38. Kf2 Rxe6 39. Qd2 Rxe1 40. Qxe1 Qxe1+ 41. Kxe1 Kf7 42. Kd2 Ke6 43. Ke3 Kd5 44. Kd2 b5 45. Ke3 a4 0-1

[Event "Bahn-chS"]
[Site "Baiersbronn"]
[Date "1998.10.31"]
[Round "7"]
[White "Gruetzmacher, Herbert"]
[Black "Eibach, Guenter"]
[Result "1-0"]
[WhiteElo "1571"]
[BlackElo "1481"]
[PlyCount "63"]
[EventDate "1998.10.25"]
[EventType "swiss"]
[EventRounds "7"]
[EventCountry "GER"]
[SourceTitle "EXT 2001"]
[Source "ChessBase"]
[SourceDate "2000.11.22"]
[SourceVersion "1"]
[SourceVersionDate "2000.11.22"]
[SourceQuality "1"]

1. e4 e5 2. Nf3 d6 3. Bc4 Be7 4. c3 Nf6 5. d3 h6 6. Nbd2 0-0 7. Nf1 c6 8. Ne3 d5 9. exd5 cxd5 10. Bb3 d4 11. Nc4 dxc3 12. bxc3 e4 13. Nd4 Bg4 14. Qd2 exd3 15. Qxd3 Nc6 16. 0-0 Nxd4 17. cxd4 Be6 18. Bb2 a6 19. Rad1 b5 20. Ne3 Bxb3 21. axb3 Nd5 22. g3 Qd7 23. Rfe1 Rac8 24. Nxd5 Qxd5 25. Rxe7 a5 26. Re5 Qc6 27. Rxb5 a4 28. bxa4 Rb8 29. d5 Qd7 30. Qb3 Rxb5 31. Qxb5 Qf5 32. Qa5 1-0

[Event "Bahn-chS"]
[Site "Baiersbronn"]
[Date "1998.10.25"]
[Round "1"]
[White "Neugebauer, Josef"]
[Black "Gruetzmacher, Herbert"]
[Result "1-0"]
[WhiteElo "1779"]
[BlackElo "1571"]
[PlyCount "75"]
[EventDate "1998.10.25"]
[EventType "swiss"]
[EventRounds "7"]
[EventCountry "GER"]
[SourceTitle "EXT 2001"]
[Source "ChessBase"]
[SourceDate "2000.11.22"]
[SourceVersion "1"]
[SourceVersionDate "2000.11.22"]
[SourceQuality "1"]

1. e4 e5 2. Nf3 Nc6 3. Bc4 Be7 4. c3 Nf6 5. d4 d6 6. 0-0 Nxe4 7. Bd5 Nf6 8. Bxc6+ bxc6 9. dxe5 dxe5 10. Nxe5 Bb7 11. Qb3 0-0 12. Qxb7 Qd6 13. Nxc6 Ng4 14. Nxe7+ Qxe7 15. Qb4 Qe2 16. Nd2 Rad8 17. h3 Ne5 18. Qe4 Qh5 19. Nf3 Nd3 20. Qg4 Qxg4 21. hxg4 Nc5 22. Be3 Nd3 23. b4 a6 24. a4 f5 25. Nd4 f4 26. Bc1 Rfe8 27. Rd1 Nxc1 28. Raxc1 Rd6 29. Nf5 Rg6 30. f3 Rge6 31. Rd7 g5 32. Rxc7 Rd8 33. Nd4 Re3 34. Rc6 Rd3 35. Rxa6 R3xd4 36. cxd4 Rxd4 37. b5 Kf7 38. b6 1-0